000 02409nam2a2200289 4500
001 RU\NLR\BIBL_A\012189083
005 20200204155934.0
010 _a978-5-6042079-6-3
_9500
021 _aRU
_bКН-П-19-094794
_9КН-П-19-6946
035 _a(NLR Aleph) 012189083
035 _a(RuMoRGB)010191665
090 _a12295464
_c12295464
100 _a20200128d2019 k y0rusy50 ca
101 0 _arus
102 _aRU
105 _aa z 100zy
200 0 _aТ. 16
_eматериалы Международного студенческого научного форума
_e[избранные материалы XI Международной студенческой научной конференции "Студенческий научный форум 2019", 1 декабря 2018 г. - 23 мая 2019 г.]
210 _aМосква
_cЕвроазиатская научно-промышленная палата
_d2019
215 _a76 с.
_cил., табл.
320 _aБиблиогр. в конце ст.
461 0 _1001RU\NLR\BIBL_A\011781548
_12001#$aСовременные проблемы науки и образования$e(продолжающееся издание)$e[материалы научных конференций]$fИздательский дом "Академия естествознания", [Российская академия естествознания$gредакционная коллегия: доктор медицинских наук, профессор, академик, главный редактор Ледванов Михаил Юрьевич и другие]$vТ. 16
_911779315
_cМосква
_d2018
_fИздательский дом "Академия естествознания", [Российская академия естествознания
_nАкадемия Естествознания
_o(продолжающееся издание) : [материалы научных конференций]
_tСовременные проблемы науки и образования
_vТ. 16
711 1 2 _a"Студенческий научный форум 2019", международная студенческая научная конференция
_d11
_eМосква
_f2018-2019
_9692779
_3RU\NLR\AUTH\880516102
942 _cBOOK
980 _aNB